000 00706nam a22002175i 4500
001 155508
003 ES-MaACL
005 20250814080955.0
008 000818s1886 fr a |||| | fre d
040 _aCCPB | B
_bspa
_cCCPB | B
100 1 _aHoernes, R.
_9128011
245 1 0 _aManuel de paléontologie /
_cR. Hoernes ; traduit de l'allemand par L. Dollo.
260 _aParis :
_bLibrairie F. Savy,
_c1886 (
_fBrodard et Gallois)
300 _a741 p. :
_bil. ;
_c25 cm.
650 7 _aPaleontología
_2embne
_915808
700 1 1 _aDollo, L.,
_etrad.
_9126815
752 _aFrancia -
_dParís
852 _aES-MaACL
_jA-4923
_z-- Enc. hol.
999 _c155508
_d155508